| 000 | 01235nam a22003617a 4500 | ||
|---|---|---|---|
| 003 | CHAP | ||
| 005 | 20220329143443.0 | ||
| 008 | 091014s2008 mx r 00010 spa d | ||
| 010 | _a96878 | ||
| 011 | _a97850 | ||
| 020 | _a9789706403704 | ||
| 035 | _a108522 | ||
| 040 | _cCHAP | ||
| 082 | 0 | 4 |
_a398.209 _bH39 |
| 245 | 0 | 0 |
_aPedro Henríquez Ureña y su aporte al folklore latinoamericano _c/ [editado] por Eduardo Matos Moctezuma |
| 260 |
_aMéxico : _bEl Colegio Nacional, _c2008 |
||
| 300 |
_aix, 198 p. : _bilus. |
||
| 590 |
_aBATCH-UPD _b10 _c20130110 _lUCH01 _h1138 |
||
| 590 |
_aBATCH-UPD _b10 _c20130410 _lUCH01 _h0725 |
||
| 590 |
_aBATCH-UPD _b10 _c20130914 _lUCH01 _h1423 |
||
| 590 |
_aCONVERSION _b10 _c20130109 _lUCH01 _h1354 |
||
| 600 | 1 | 4 |
_aHenriquez Ureña, Pedro, _p1884-1946. _953628 |
| 650 | 0 | 4 |
_aFolklore. _942016 |
| 650 | 1 | 4 |
_aAmerica Latina _xDiscursos, ensayos, conferencias etc. _95398 |
| 650 | 1 | 4 |
_aInformación _xTeoría de la. _958078 |
| 650 | 1 | 4 |
_aMúsica folklorica. _979145 |
| 650 | 1 | 4 |
_aMúsica _xHistoria. _979143 |
| 700 | 0 |
_aMatos Moctezuma, Eduardo _e, ed. _973039 |
|
| 901 | _aBK | ||
| 911 | _aen proceso | ||
| 942 | _cLIBRO | ||
| 949 |
_a398.209 H39 _bBC _cLIBRO _d33724002106819 _eLIBRO _h110945 _i108522 _sb |
||
| 999 |
_c96878 _d96878 |
||